La coroplastie chypriote archaïque : identités culturelles et politiques à l'époque des royaumes /

محفوظ في:

المؤلف الرئيسي: Fourrier, Sabine (مؤلف)

التنسيق: كتاب

اللغة: English

منشور في: Lyon : Maison de l'Orient et de la Méditerranée, 2007.

سلاسل: Travaux de la Maison de l'Orient ; 46.

الموضوعات:

الوسوم: إضافة وسم

لا توجد وسوم, كن أول من يضع وسما على هذه التسجيلة!

رقم الطلب: NB159 .C9 F697 2007

LEADER 01005namaa2200301 4500
001 21822
003 OSt
005 20250911103509.0
008 130303s2007 fr ab 000 0 eng d
010 |a 2008420071 
020 |a 9782903264666 
035 |a OCLC # 234176640 
040 |c ARCE Library 
043 |a aw----- 
050 4 |a NB159 .C9 F697 2007 
100 1 |a Fourrier, Sabine,  |e author  |9 30191 
245 1 3 |a La coroplastie chypriote archaïque :   |b identités culturelles et politiques à l'époque des royaumes /   |c Sabine Fourrier. 
264 1 |a Lyon :   |b Maison de l'Orient et de la Méditerranée,   |c 2007. 
300 |a 196, xxiv pages :   |b illustrations, maps ;   |c 30 cm. 
490 1 |a Travaux de la Maison de l'Orient ;   |v 46. 
555 |a wafaa.lib 
650 0 |a Terra-cotta figurines, Cypriot. 
650 0 |a Terra-cotta sculpture  |z Cyprus. 
651 0 |a Cyprus  |x Antiquities. 
830 0 |a Travaux de la Maison de l'Orient ;   |v 46. 
901 |a reviewed 
942 |c BK  |2 lcc 
999 |c 21440  |d 21440